Incentives and judicially determined terms of employment in India: endemic trade-off between justice and efficiency (Record no. 55068)

000 -LEADER
fixed length control field 01362pab a2200181 454500
008 - FIXED-LENGTH DATA ELEMENTS--GENERAL INFORMATION
fixed length control field 180718b2003 xxu||||| |||| 00| 0 eng d
100 ## - MAIN ENTRY--PERSONAL NAME
Personal name Singh, Jaivir
245 ## - TITLE STATEMENT
Title Incentives and judicially determined terms of employment in India: endemic trade-off between justice and efficiency
260 ## - PUBLICATION, DISTRIBUTION, ETC.
Date of publication, distribution, etc. 2003
300 ## - PHYSICAL DESCRIPTION
Extent p.124-34.
362 ## - DATES OF PUBLICATION AND/OR SEQUENTIAL DESIGNATION
Dates of publication and/or sequential designation 11 Jan
520 ## - SUMMARY, ETC.
Summary, etc. This paper begins by presenting an account of some of the successive restrictions imposed by the law - both by the statutes and their interpretation by courts - that define the parameters within which Indian industrial establishments are obliged to function in relation to dismissing workers. This description of the substantive content of the law indicates that the restrictions on the termination of errant workers are embedded in judicial concerns of equality. Translated into procedure this requires, one, that penalties imposed on workers be proportional to misconduct, and two, that stringent evidentiary requirements by met in every case of worker termination. These constraints lead to a trade-off is inevitable or it is possible to ease the trade-off by structurally reorienting the law. - Reproduced.
650 ## - SUBJECT ADDED ENTRY--TOPICAL TERM
Topical term or geographic name entry element Employment - India
650 ## - SUBJECT ADDED ENTRY--TOPICAL TERM
Topical term or geographic name entry element Conditions of employment - India
650 ## - SUBJECT ADDED ENTRY--TOPICAL TERM
Topical term or geographic name entry element Conditions of employment
773 ## - HOST ITEM ENTRY
Main entry heading Economic and Political Weekly
909 ## -
-- 55068
Holdings
Withdrawn status Lost status Damaged status Not for loan Permanent Location Current Location Date acquired Serial Enumeration / chronology Barcode Date last seen Price effective from Koha item type
        Indian Institute of Public Administration Indian Institute of Public Administration 2018-07-19 Volume no: 38, Issue no: 2 AR55513 2018-07-19 2018-07-19 Articles

Powered by Koha